| 000 | 00562nam a2200181 4500 | ||
|---|---|---|---|
| 001 | 144793 | ||
| 003 | ES-MaACL | ||
| 005 | 20250814063241.0 | ||
| 007 | t| | ||
| 008 | 070214s1952 sp r ||||1| spa d | ||
| 100 | 1 |
_aSimenon, Georges, _d1903-1989 _9106467 |
|
| 245 | 1 | 3 |
_aEl entierro del señor Bouvet / _cGeorges Simenon ; traducción de F. Cañameras. |
| 260 |
_aBarcelona : _bAymá, _c1952. |
||
| 300 |
_a197 p. ; _c18 cm. |
||
| 700 | 1 |
_aCanyameres, Ferran, _d1898-1964 _934731 |
|
| 852 |
_aES-MaACL _jD-8797 _bR.33050 |
||
| 999 |
_c144793 _d144793 |
||